Statistics for NCAA Division 1 Schools in Colorado

Click here to take the quiz!

General Stats

  • This quiz has been taken 417 times
  • The average score is 7 of 10

Answer Stats

Answer% Correct
Colorado
99%
Colorado State
96%
Denver
83%
Air Force
73%
Rams
73%
Buffaloes
70%
Northern Colorado
63%
Falcons
58%
Pioneers
42%
Bears
39%

Score Distribution

Percentile by Number Answered

Percent of People with Each Score

Your Score History

You have not taken this quiz